000 00832nam a2200241Ia 4500
003 OSt
005 20220925185306.0
006 a|||||r|||| 00| 0
007 ta
008 220923b |||||||| |||| 00| 0 eng d
020 _a0750669241
_c2310.0999999999999
037 _bRKBA\ 09-10 \ 4381, 01/07/2011, RAJKIRAN BOOK AGENCY
_cGeneral Book
040 _aRTL
_cRTL
_beng
041 _2eng
_aeng
082 _aXM5:8, P6/TD
100 _aKNELL Alex
_9233781
245 0 _aCorporate governance- How to add value to your company
_b A practical implementation guide
260 _aAmsterdam
_bElsevier
_c2006
300 _ax, 319p. With CD
_ccm.
650 _aCommerce
942 _hXM5:8, P6/TD
_cGB
_2CC
999 _c510428
_d510428